| 000 | 01002nam a2200277Ia 4500 | ||
|---|---|---|---|
| 001 | Para_1140 | ||
| 003 | CHAP | ||
| 008 | 220125s1997 xx 000 0 und d | ||
| 010 | _a199866 | ||
| 040 | _cCHAP | ||
| 090 | _aPA TESIS 1106 | ||
| 100 |
_aGutierrez Martínez, Rigoberto _951759 |
||
| 245 |
_aPotencial de establecimiento del minador de la hoja de los citricos (Phyllocnistis citrella Stainton), en las regiones citricolas de la Republica Méxicana en base a preferencias climaticas / _c por Rigoberto Gutierrez Martínez |
||
| 260 |
_aChapingo, Méx. : _b El autor |
||
| 300 | _a91 h. | ||
| 502 | _aTesis (Ing. Agr. Esp. en Parasitología Agrícola), UACh. Depto. Parasitología | ||
| 650 |
_aCitricos _x plagas _924458 |
||
| 710 |
_aUACh. Departamento Parasitología Agrícola _9164025 |
||
| 901 | _aPA TESIS 1106 | ||
| 902 | _aA | ||
| 905 | _a0000001997 a 0000000000 00 | ||
| 910 | _a1997 | ||
| 942 | _cPARA | ||
| 942 |
_cPARA _d1 |
||
| 999 |
_c199866 _d199866 |
||